Catálogo fotográfico de especies de flora apícola en los departamentos de Cauca, Huila y Bolívar / (Registro nro. 7332)

Detalles MARC
000 -CABECERA
Campo de control 01543nam a22003497a 4500
005 - FECHA Y HORA DE LA ULTIMA TRANSACCION
Campo de control 20200104041616.0
008 - ELEMENTOS DE LONGITUD FIJA—INFORMACION GENERAL
Campo de control 130314s2012 ck a gr 000 0 spa d
020 ## - ISBN
ISBN 9789588343686
041 0# - IDIOMA
Código de idioma para texto/pista de sonido o título separado Español
043 ## - GEOGRAPHIC AREA CODE
Geographic area code s-ck---
082 04 - NUMERO DE CLASIFICACION DECIMAL DEWEY
Número de clasificación 638.1
Número del ítem I59c
110 2# - ASIENTO PRINCIPAL--NOMBRE CORPORATIVO
Nombre corporativo o de jurisdicción como elemento de entrada Instituto de Investigación de Recursos Biológicos Alexander von Humboldt
245 10 - MENCION DE TITULO
Título Catálogo fotográfico de especies de flora apícola en los departamentos de Cauca, Huila y Bolívar /
Mención de responsabilidad Elaboración de fichas técnicas: Marmel Velandia ; compilación de textos y fotografías : Luz Marina Silva ; revisión técnica: Sebastián Restrepo, Paola Cubillos y Angélica Aponte.
260 ## - PUBLICACION, DISTRIBUCION, ETC. (PIE DE IMPRENTA)
Lugar de publicación, distribución, etc. Bogotá :
Nombre del editor, distribuidor, etc. Instituto Humboldt,
Fecha de publicación, distribución, etc. 2012.
300 ## - DESCRIPCION FISICA
Extensión 83 p. :
Otros detalles físicos il., fotos, mapas.
Dimensiones 28 cm.
504 ## - NOTA DE BIBLIOGRAFIA, ETC.
Nota de bibliografía Incluye referencias bibliográficas e índices
650 #4 - ASIENTO SECUNDARIO DE MATERIA - TERMINO TEMATICO
Término temático o nombre geográfico como elemento de entrada Recolección de miel
Subdivisión geográfica Colombia
Subdivisión de forma Catálogos
650 #4 - ASIENTO SECUNDARIO DE MATERIA - TERMINO TEMATICO
Término temático o nombre geográfico como elemento de entrada Apicultura
Subdivisión geográfica Colombia
Subdivisión de forma Catálogos
650 #4 - ASIENTO SECUNDARIO DE MATERIA - TERMINO TEMATICO
Término temático o nombre geográfico como elemento de entrada Productos de la colmena
650 #4 - ASIENTO SECUNDARIO DE MATERIA - TERMINO TEMATICO
Término temático o nombre geográfico como elemento de entrada Manejo del apiario
650 #4 - ASIENTO SECUNDARIO DE MATERIA - TERMINO TEMATICO
Término temático o nombre geográfico como elemento de entrada Flora
650 #4 - ASIENTO SECUNDARIO DE MATERIA - TERMINO TEMATICO
Término temático o nombre geográfico como elemento de entrada Agricultura sostenible
700 1# - ASIENTO SECUNDARIO - NOMBRE PERSONAL
Nombre personal Silva, Luz Marina,
Término de relación comp.
700 1# - ASIENTO SECUNDARIO - NOMBRE PERSONAL
Nombre personal Restrepo, Sebastián,
Término de relación rev.
700 1# - ASIENTO SECUNDARIO - NOMBRE PERSONAL
Nombre personal Velandia, Marmel.
700 1# - ASIENTO SECUNDARIO - NOMBRE PERSONAL
Nombre personal Cubillos, Paola,
Término de relación rev.
700 1# - ASIENTO SECUNDARIO - NOMBRE PERSONAL
Nombre personal Aponte, Angélica,
Término de relación rev.
856 ## - LOCALIZACION Y ACCESO ELECTRONICOS
Identificador Uniforme del Recurso http://www.humboldt.org.co/publicaciones/uploads/Catalogo_fotografico_de_especies_de_flora_apicola.pdf
942 ## - ELEMENTOS ADICIONALES (KOHA)
Sistema de clasificación Dewey Decimal Classification
Tipo de ítem
Koha issues (borrowed), all copies 2
949 ## - LOCAL PROCESSING INFORMATION (OCLC)
a n
b n
Existencias
Withdrawn status Lost status Sistema de Clasificación Damaged status No para préstamo Colección Inventariado Ubicación Permanente Ubicación actual Fecha de adquisición Fuente de Valor Valor Total Checkouts Número topográfico Inventario / Código de Barras Date last seen Ejemplar Price effective from Forma de adquisición Tipo de material Date checked out Total Renewals
    Dewey Decimal Classification     Humboldt Inventariado 2017 Bogotá Bogotá 03/07/2013 Instituto 39000.00   IAVH 638.1 I59c 028691 03/07/2013 Ej. 4 03/07/2013 Institucional Libro    
    Dewey Decimal Classification     Humboldt Inventariado 2017 Bogotá Bogotá 03/07/2013 Instituto 39000.00 2 IAVH 638.1 I59c 028692 13/05/2019 Ej. 3 03/07/2013 Institucional Libro 13/05/2019  
    Dewey Decimal Classification     Humboldt Inventariado 2017 Bogotá Bogotá 03/07/2013 Instituto 39000.00   IAVH-638.1 I59c 028694 03/07/2013 Ej. 2 03/07/2013 Institucional Libro    
    Dewey Decimal Classification     Humboldt Inventariado 2017 Bogotá Bogotá 03/07/2013 Instituto 39000.00 2 IAVH-638.1 I59c 028693 13/06/2014 Ej. 1 03/07/2013 Institucional Libro 16/05/2014 1
    Dewey Decimal Classification     Humboldt Inventariado 2017 Sala Fabio Quevedo Sala Fabio Quevedo 28/07/2014 Instituto 39000.00   IAVH-638.1 I59c 038226 28/07/2014 Ej. 5 28/07/2014 Institucional Libro    
    Dewey Decimal Classification     Humboldt Inventariado 2017 Sala Fabio Quevedo Sala Fabio Quevedo 28/07/2014 Instituto 39000.00   IAVH-638.1 I59c 038225 28/07/2014 Ej. 6 28/07/2014 Institucional Libro